Datum a čas kvízu
28.5
Celkem bodů
Celkový počet nahraných bodů na tomto kvízu bez doplňovacích otázek.
7.
Pořadí na kvízu
Konečné umístění týmu na tomto kvízu.
Zaznamenané odpovědi
| # | Otázka | Odpověď | Body | Výsledky |
|---|---|---|---|---|
| 1. | Čtveřice samců kriticky ohrože... | C) sudokopytníci | 1 | |
| 2. | Umělec Banksy minulý týden v n... | v Londýně | 0 | |
| 3. | Minulý týden jsme se dozvěděli... | Django; Zorro | 1 | |
| 4. | Který stát překvapivě a bez ko... | B | 1 | |
| 5. | Hokejisté klubu Dynamo Pardubi... | Roman Červenka | 1 | |
| 6. | Ve filmu Sedm sledujeme detekt... | obžerství | 1 | |
| 7. | Tato fotka z filmu Americké ps... | Christian Bale | 1 | |
| 8. | Karel Kopfrkingl, zaměstnanec... | (tibetský) buddhismus | 0 | |
| 9. | Přiřaďte zločince k jejich fil... | 1C 2D 3A 4B | 0 | |
| 10. | Mladý syn se poprvé přímo zapo... | Kmotr, Mario Puzo | 0.5 |